Представление документа в формате RUSMARC

ПолеНазваниеЗначение
  Тип записи a
  Библиографический уровень m
001 Контрольный номер RU/IS/BASE/263228960
005 Дата корректировки 20210518161850.8
010 Индекс ISBN __
a ISBN 5-7793-0916-7
d Цена 410-00
100 Данные общей обработки __
a Данные общей обработки 20200422d20052005|||y0rusy50######ca
101 Язык документа 0_
a Язык текста rus
c Язык оригинала rus
102 Страна публикации __
a Страна публикации RU
200 Заглавие и сведения об ответственности 1_
a Заглавие Русский народ
f Первые сведения об ответственности сост. М. Забылин
h Номер части Кн. 3
i Наименование части Старинный быт : строительство и убранство дома, костюм, травник, русский стол, музыка
205 Сведения об издании __
a Основные сведения об издании Перепеч. с изд. 1880 г.
210 Выходные данные 1_
a Место издания Москва
c Издательство Белый город
d Дата издания 2005
215 Физическое описание __
a Объем 223, [1] c.
c Иллюстрации/тип воспроизводства ил.
318 Примечание о действии __
a Действие п
330 Аннотация __
a Аннотация Где спрятаны легендарные клады; как наши предки оберегали себя от дурного глаза; что значит выражение " по Сеньке шапка"; почему мужская одежда застегиваетс на правую сторону. Ответы на эти и другие вопросы вы найдете в это книге.
606 Тематические рубрики __
a Основная рубрика Этнография
y Географическая подрубрика Россия
608 Указатель предметных рубрик __
a Жанр/форма научно-популярное издание
610 Ключевые слова 0_
a Ключевые слова русский быт
a Ключевые слова русский костюм
a Ключевые слова убранство дома
a Ключевые слова травники
a Ключевые слова строительство домов
a Ключевые слова русский народ
a Ключевые слова русская музыка
a Ключевые слова русская кухня
686 Индексы других классификаций __
a Индекс ББК 63.5(2)
701 Альтернативная интеллектуальная ответственность (другие авторы) _1
a Фамилия Забылин
b Имя М.
801 Источник записи _0
a Страна RU
b Организация ЦРБ, Сургут
g Правила каталогизации PSBO
801 Источник записи _1
a Страна RU
b Организация ЦРБ, Сургут
g Правила каталогизации PSBO
852 Данные о местонахождении __
j Шифр хранения 63.5(2)
i Авторский знак Р 894
p Инвентарный номер 74302
b Сигла хранения ООЧ; 8; 26
901 Тип документа __
t Тип документа m
905 Дата создания БЗ __
a Дата создания БЗ 2008.05.04
990 Данные о заказе (DOS) __
h N записи в КСУ для Б/У (DOS) 2008-3
j Количество экземпляров (DOS) 5